|
|
|
|
| LEADER |
00883nab#a2200337#ar4500 |
| 001 |
000115721 |
| 003 |
SVKKK |
| 005 |
20150616111705.0 |
| 008 |
150616c2014 xo |||||||||||||||b|slo |
| FMT |
|
|
|
| 015 |
|
|
|a SNBRB2015/06
|
| 038 |
|
|
|a SVKKK
|
| 040 |
|
|
|a SVKKK
|b slo
|e AACR2
|
| 041 |
0 |
|
|a slo
|
| 044 |
|
|
|a xo
|c SK
|
| 080 |
|
|
|a 502
|2 2008
|
| 080 |
|
|
|a 351.778.31
|2 2008
|
| 245 |
0 |
0 |
|a Svetový deň vody
|b bez energie nie je voda a bez vody nie je žiadna energia
|
| 611 |
2 |
4 |
|a Svetový deň vody
|d (2014 :
|c Slovensko)
|
| 650 |
0 |
4 |
|a pitná voda
|
| 650 |
0 |
4 |
|a energia
|
| 651 |
|
4 |
|a Slovensko
|
| 773 |
0 |
|
|t 21. storočie : magazín pre priemyselnú ekológiu
|g Roč. 17, č. 1 (2014), s. 8
|x 1335-874X
|
| 958 |
|
|
|a SK
|
| 974 |
|
|
|a Va
|
| 992 |
|
|
|a RBX
|
| BAS |
|
|
|
| 852 |
|
|
|a SVKKK
|b BIB
|
| 856 |
4 |
1 |
|a http://www.21storocie.sk/data/1_2014-web.pdf
|
| EXP |
|
|
|
| 998 |
|
|
|a GEO
|